000 00498nam a2200217Ia 4500
003 OSt
005 20220923225343.0
006 a|||||r|||| 00| 0
007 ta
008 Pun
024 _a263,899
037 _cTextual
040 _aARTS
_cARTS
_bPun
041 _2Pun
_aPun
082 _aO153,1K801:g, N7
100 _aਬੇਦੀ
245 0 _aਬੁੱਲੇ Fਾਹ
260 _c1997
942 _hO153,1K801:g, N7
_cTEXL
_2CC
999 _c377715
_d377715